000 00575nam a2200217 i 4500
001 bg
100 1 _aZALEWSKI, Kacper
245 1 0 _aWykłady z nierelatywistycznej mechaniki kwantowej /
_cKacper Zalewski.
260 _aWarszawa :
_bWydaw. Naukowe PWN,
_c1997.
300 _a222 s. ;
_c24 cm.
504 _aIndeks.
650 9 _aMechanika kwantowa
655 _aPodręczniki akademickie
020 _a8301122617
040 _cBPK
041 0 _apl
080 _a530.1(075.8)
920 _a83-01-12261-7
942 _cKS
008 s pl f |000 0 pol
999 _c32517
_d32517
856 _uhttp://koha.tu.koszalin.pl/cgi-bin/koha/opac-detail.pl?biblionumber=32517
_yKatalog online BPK